Environmentálne posudzovanie vplyvov pripravovaných podnikových činností bakalárska práca

Na minha lista:
Detalhes bibliográficos
Autor principal: Krajňák, Dávid
Autor Corporativo: Podnikovohospodárska fakulta EU so sídlom v Košiciach. Katedra manažmentu
Outros Autores: Bosák, Martin, 1967-
Formato: Livro
Idioma:eslovaco
Publicado em: Košice 2020
Tags: Adicionar Tag
Sem tags, seja o primeiro a adicionar uma tag!

MARC

LEADER 00000nbm a2200000 4500
001 0265395
005 20210421111925.5
041 0 |a slo 
044 |a SK 
245 1 0 |a Environmentálne posudzovanie vplyvov pripravovaných podnikových činností  |b bakalárska práca  |c Dávid Krajňák ; školiteľ: Martin Bosák 
264 1 |a Košice  |c 2020 
300 |a 50 s. 
100 1 |a Krajňák, Dávid 
700 1 |a Bosák, Martin, 1967- 
710 2 |a Podnikovohospodárska fakulta EU so sídlom v Košiciach. Katedra manažmentu